00406nam a2200181Ia 4500008004100000020001800041050001400059100001400073245002300087245001400110260001500124260001600139260000900155300001500164300002700179300001000206500000800216170918s9999 xx 000 0 und d a9781443119153 bO371 2013 aOhi, Ruth aFox and squirrel / cRuth Ohi. aNew York : bScholastic, c2013 a29 pages : bcolored illustration ; c24cm. a170